Normal view MARC view
  • Mulhus, Lauric J

Entry Personal Name

Number of records used in: 1

001 - CONTROL NUMBER

  • control field: 2531

003 - CONTROL NUMBER IDENTIFIER

  • control field: OSt

005 - DATE AND TIME OF LATEST TRANSACTION

  • control field: 20160623093542.0

008 - FIXED-LENGTH DATA ELEMENTS

  • fixed length control field: 160623|| aca||aabn | a|a d

040 ## - CATALOGING SOURCE

  • Original cataloging agency: OSt
  • Transcribing agency: OSt

100 ## - HEADING--PERSONAL NAME

  • Personal name: Mulhus, Lauric J

670 ## - SOURCE DATA FOUND

  • Source citation: Work cat.: (OSt): Mulhus, Lauric J, Management and Organisational Behaviour, 2007